Представление документа в формате RUSMARC

ПолеНазваниеЗначение
  Тип записи a
  Библиографический уровень m
001 Контрольный номер RU/REG73/CBS_GRAD/654536730
005 Дата корректировки 20221122154854.8
010 Индекс ISBN __
a ISBN 978-5-91540-035-0
101 Язык документа __
a Язык текста rus
200 Заглавие и сведения об ответственности __
a Заглавие Библиотечные уроки по чтению
e Сведения, относящиеся к заглавию Сценарии. 1-9 классы
f Первые сведения об ответственности Наталья Валерьевна Крук, Ирина Владимировна Котомцева
b Общее обозначение материала Текст
h Номер части Часть 1
i Наименование части 1-4 классы
203 Вид содержания и тип средства __
a Вид содержания Текст (визуальный) : непосредственный
210 Выходные данные __
a Место издания Москва
c Издательство Русская школьная ассоциация
d Дата издания 2010
215 Физическое описание __
a Объем 504 с.
686 Индексы других классификаций __
a Классификационный индекс 78.303
700 Автор __
a Фамилия Крук
g Полное личное имя Наталья Валерьевна
801 Источник записи _0
a Страна RU
b Организация RuCBSGrad
g Правила каталогизации PSBO
801 Источник записи _1
a Страна RU
b Организация RuCBSGrad
g Правила каталогизации PSBO
901 Тип документа __
t Тип документа m
981 __
b i
g e
2 isbdcontent
982 __
b n
2 isbdmedia
993 __
a 9355
b 3764
c Ретро
e 242249
f ЦГДБ
h 219.92
i 242249
m 1
n 44101.578414
o I
x 1
y 1
z 78.3